000 00861cam a2200277 4500
001 3140866
003 ARRUPE
005 20220520132513.0
008 731109s1974 nyu b 001 0 eng
010 _a 73004126
020 _a0060139749
040 _aDLC
_cDLC
_dDLC
_dOCoLC
_dDLC
043 _an-us---
050 0 0 _aE185.86
_b.S697
082 0 0 _a301.45/19/6073
100 1 _aStack, Carol B.
_951761
245 1 0 _aAll our kin: strategies for survival in a Black community
_c[by] Carol B. Stack.
250 _a[1st ed.]
260 _aNew York,
_bHarper & Row
_c[1974]
300 _axxi, 175 p.
_c22 cm.
504 _aBibliography: p. [160]-167.
650 0 _aAfrican American families
_xCase studies.
_951762
650 0 _aPoor
_zUnited States
_xCase studies.
_951763
906 _a7
_bcbc
_corignew
_d1
_eocip
_f19
_gy-gencatlg
942 _2lcc
_cMONOGRAPH
999 _c131495
_d131495